00318nam a2200121Ia 4500008004100000041000800041082001400049100002200063245004100085260003100126300003000157365000900187240624s9999 xx 000 0 und d aeng a339.5 MCK aMCKENZIE LIONEL W aCLASSICAL GENERAL EQUILIBRIUM THEORY c2005aCambridgebMIT Press aix, : 318 : p. : cm. ; 18 cb20